01077 a2200193 4500003000500000005001700005010001600022020001500038040000900053082001800062100002600080245006500106250001200171260005300183300003400236505055900270650002000829650003400849Nust20221130102219.0 a 96035109 a0134956567 cNust00a621.38152,BHA1 aBhattacharya, Pallab.10aSemiconductor optoelectronic devices /cPallab Bhattacharya. a2nd ed. aUpper Saddle River, NJ :bPrentice Hall,cc1997. axxv, 613 p. :bill. ;c24 cm. aElemental and Compound Semiconductors (Page-1), Electronic Properties of Semiconductors (Page-61), Optical Processes in Semiconductors (Page-113), Junction Theory (Page-158), Light Emitting Diodes (Page-206), Lasers: Operating Principles (Page-242), Lasers: Structures and Properties (Page-272), Photodetectors (Page-344), Special Detection Schemes (Page-400), Solar Cells (Page-430), Optoelectronic Modulation and Switching Devices (Page-448), Optoelectronic Integrated Circuits (Page-483), Lightwave Networks (Page-522), List of Symbols (Page-541).  0aSemiconductors. 0aTelecommunication Engineering